[Event "11th Edmonton International Qualifier"]
[Site "Edmonton"]
[Date "2016.05.01"]
[Round "4.7"]
[White "Wang, Kaixin"]
[Black "Seehagen, Terry"]
[Result "1-0"]
[WhiteElo "1851"]
[BlackElo "1623"]
[PlyCount "73"]
[EventDate "2016.04.30"]
[EventType "swiss"]
[EventRounds "5"]
[EventCountry "CAN"]

1. Nf3 f5 2. g3 Nc6 3. d4 e6 4. Bg2 Nf6 5. c4 Bb4+ 6. Bd2 a5 7. Nc3 Ne4 8. O-O
Nxd2 9. Qxd2 O-O 10. a3 Bxc3 11. bxc3 d6 12. Rab1 a4 13. Qa2 Ne7 14. Nd2 d5 15.
cxd5 Nxd5 16. Qb2 c6 17. e4 Nf6 18. exf5 exf5 19. Rfe1 f4 20. Nf3 fxg3 21. fxg3
Ng4 22. h3 Nh6 23. Qa2+ Kh8 24. Ne5 Qd6 25. g4 Be6 26. Ng6+ hxg6 27. Qxe6 Qxa3
28. Qxg6 Rf6 29. Qe4 Rf7 30. g5 Nf5 31. g6 Rff8 32. Qd3 Nh4 33. Be4 Ra5 34. Qg3
Nf5 35. Bxf5 Raxf5 36. Qh4+ Kg8 37. Qh7# 1-0

[Event "11th Edmonton International Qualifier"]
[Site "Edmonton"]
[Date "2016.05.01"]
[Round "4.8"]
[White "Zita, Matthew"]
[Black "McLeod, Logan"]
[Result "1-0"]
[WhiteElo "1596"]
[BlackElo "1806"]
[PlyCount "67"]
[EventDate "2016.04.30"]
[EventType "swiss"]
[EventRounds "5"]
[EventCountry "CAN"]

1. e4 c5 2. Nf3 Nc6 3. d4 cxd4 4. Nxd4 Nf6 5. Nc3 e5 6. Nxc6 bxc6 7. Bd3 Bc5 8.
O-O d6 9. Qe1 Rb8 10. Na4 Bb4 11. c3 Ba5 12. b4 Bc7 13. Bg5 h6 14. Bh4 g5 15.
Bg3 Nh5 16. Rd1 Be6 17. Bxe5 dxe5 18. Be2 Qe7 19. Bxh5 Bxa2 20. Nc5 Bd6 21. Qd2
Bxc5 22. Qxa2 Bb6 23. Bg4 Rd8 24. Rxd8+ Bxd8 25. Rd1 O-O 26. Rd7 Qf6 27. g3 Bb6
28. Bh5 c5 29. b5 c4 30. Qd2 Qe6 31. Rd6 Qe7 32. Rxh6 Rd8 33. Qa2 Rd1+ 34. Bxd1
1-0

[Event "11th Edmonton International Qualifier"]
[Site "Edmonton"]
[Date "2016.05.01"]
[Round "4.9"]
[White "Mo, Michelle"]
[Black "Hughey, Leah"]
[Result "0-1"]
[WhiteElo "1544"]
[BlackElo "1664"]
[PlyCount "122"]
[EventDate "2016.04.30"]
[EventType "swiss"]
[EventRounds "5"]
[EventCountry "CAN"]

1. e4 e6 2. d4 d5 3. Nc3 Nf6 4. e5 Nfd7 5. Nf3 c5 6. Bb5 a6 7. Bxd7+ Bxd7 8.
Be3 Qb6 9. b3 cxd4 10. Bxd4 Qa5 11. O-O Bb4 12. Ne2 Bb5 13. a4 Bxe2 14. Qxe2
Nc6 15. Qe3 Nxd4 16. Nxd4 Bc3 17. Rad1 Rc8 18. Ne2 O-O 19. Nxc3 Rxc3 20. Qd2
Rfc8 21. h3 Qc7 22. Rc1 Rxc2 23. Rxc2 Qxc2 24. Qxc2 Rxc2 25. Rd1 Rb2 26. Rd3 h6
27. Rc3 g5 28. g3 Kh7 29. Rc7 Rxb3 30. Rxf7+ Kg8 31. Rf6 Rb4 32. Rxe6 Rxa4 33.
Rb6 Re4 34. e6 Kf8 35. Rxb7 Rxe6 36. Rd7 Re1+ 37. Kg2 Rd1 38. Ra7 Ra1 39. Rd7
Ra5 40. Kf3 h5 41. Ke3 Ra3+ 42. Kd4 Ra2 43. Rxd5 Rd2+ 44. Kc5 Rxd5+ 45. Kxd5
Kf7 46. Kc5 Ke6 47. Kd4 Kf5 48. Ke3 h4 49. Kf3 a5 50. Ke3 Ke5 51. Kd3 a4 52.
f4+ gxf4 53. gxh4 Kf5 54. Kd4 a3 55. Kc3 f3 56. h5 f2 57. h6 f1=Q 58. h7 a2 59.
Kd4 a1=Q+ 60. Kc5 Qc3+ 61. Kd5 Qfd3# 0-1

[Event "11th Edmonton International Qualifier"]
[Site "Edmonton"]
[Date "2016.05.01"]
[Round "5.1"]
[White "Ebrahim-Shirazi, Behrooz"]
[Black "Findlay, Ian"]
[Result "0-1"]
[WhiteElo "2126"]
[BlackElo "2282"]
[PlyCount "102"]
[EventDate "2016.04.30"]
[EventType "swiss"]
[EventRounds "5"]
[EventCountry "CAN"]

1. d4 Nf6 2. c4 e6 3. Nf3 d5 4. cxd5 exd5 5. Nc3 Bb4 6. Qa4+ Nc6 7. Ne5 Bd7 8.
Nxc6 Bxc3+ 9. bxc3 Bxc6 10. Qa3 Ne4 11. Bf4 Qf6 12. e3 g5 13. Bg3 Qe6 14. Bd3
Kd7 15. Bxe4 Qxe4 16. O-O h5 17. f3 Qxe3+ 18. Kh1 Rhe8 19. Be5 h4 20. h3 Re6
21. Rad1 Qe2 22. Rfe1 Qc2 23. Rc1 Qa4 24. Qxa4 Bxa4 25. Kg1 Rae8 26. c4 dxc4
27. Rxc4 Bc6 28. Rec1 f6 29. Bh2 Re1+ 30. Rxe1 Rxe1+ 31. Kf2 Rh1 32. Bg1 b6 33.
Rc3 Bd5 34. a3 a5 35. Rc1 Kd6 36. Bh2+ Rxh2 37. Kg1 Rxh3 38. gxh3 b5 39. Kf2 b4
40. axb4 axb4 41. Ke3 Be6 42. Rb1 c5 43. dxc5+ Kxc5 44. Rc1+ Kd5 45. f4 Bxh3
46. fxg5 fxg5 47. Rg1 g4 48. Kf4 b3 49. Kg5 Kc4 50. Kxh4 b2 51. Kg3 Kc3 0-1

[Event "11th Edmonton International Qualifier"]
[Site "Edmonton"]
[Date "2016.05.01"]
[Round "5.2"]
[White "Haynes, Nicolas"]
[Black "Villavieja, Butch"]
[Result "1-0"]
[WhiteElo "2277"]
[BlackElo "2140"]
[PlyCount "145"]
[EventDate "2016.04.30"]
[EventType "swiss"]
[EventRounds "5"]
[EventCountry "CAN"]

1. d4 Nf6 2. c4 g6 3. Nf3 Bg7 4. g3 O-O 5. Bg2 d6 6. O-O Nc6 7. Nc3 a6 8. Bf4
Rb8 9. Rc1 Bf5 10. d5 Na5 11. b3 Ne4 12. Nxe4 Bxe4 13. b4 Bb2 14. bxa5 Bxc1 15.
Bxc1 c5 16. dxc6 Bxc6 17. Bh6 Re8 18. Qd2 b5 19. Qc3 e5 20. Nxe5 Rxe5 21. Bxc6
bxc4 22. Bf4 Rc5 23. Qf3 Qf6 24. Rd1 Rd8 25. Be3 Rf5 26. Qg4 d5 27. Bb6 Rd6 28.
Bd4 h5 29. Qh3 Qe6 30. Ba4 Qxe2 31. Rb1 Rd8 32. Qf1 Qxa2 33. Qd1 c3 34. Bc2 Rc8
35. Bxf5 gxf5 36. Bxc3 d4 37. Be1 Rd8 38. Qd3 Qe6 39. Bd2 h4 40. Re1 Qg6 41.
Qf3 h3 42. Qf4 Kg7 43. Qg5 Qxg5 44. Bxg5 Rd5 45. Bd2 Rc5 46. Kf1 Rb5 47. Ke2
Rb3 48. Rc1 f6 49. Rc4 Rb1 50. Bc1 Kg6 51. Kd3 Ra1 52. Rc5 Ra2 53. Bd2 Ra1 54.
Rc1 Ra4 55. Rg1 Kh5 56. f3 Ra2 57. g4+ fxg4 58. fxg4+ Kg6 59. g5 fxg5 60. Rxg5+
Kf6 61. Rh5 Kg6 62. Rh4 Ra1 63. Ke2 Ra4 64. Rxh3 Kf5 65. Rh6 Ra3 66. Rh4 Ke5
67. Rg4 Rh3 68. Rg2 Ke4 69. Be1 Re3+ 70. Kd2 Ra3 71. Bf2 Ra2+ 72. Ke1 Ra1+ 73.
Ke2 1-0

[Event "11th Edmonton International Qualifier"]
[Site "Edmonton"]
[Date "2016.05.01"]
[Round "5.3"]
[White "Gardner, Robert"]
[Black "Malek, Omid"]
[Result "0-1"]
[WhiteElo "2242"]
[BlackElo "2035"]
[PlyCount "68"]
[EventDate "2016.04.30"]
[EventType "swiss"]
[EventRounds "5"]
[EventCountry "CAN"]

1. d4 Nf6 2. c4 e6 3. Nf3 Bb4+ 4. Nbd2 O-O 5. a3 Be7 6. e4 d5 7. cxd5 exd5 8.
e5 Nfd7 9. Bd3 c5 10. O-O Nc6 11. Re1 Qb6 12. Nf1 Nxd4 13. Nxd4 cxd4 14. Ng3
Nc5 15. Nf5 Bxf5 16. Bxf5 Ne6 17. b4 a5 18. Rb1 axb4 19. axb4 Rac8 20. Bd2 g6
21. Bg4 Rc4 22. Be2 Rfc8 23. Bd3 Bg5 24. Bxg5 Nxg5 25. f4 Ne4 26. Bxe4 d3+ 27.
Kh1 dxe4 28. f5 gxf5 29. Rf1 Qg6 30. g4 f4 31. Rxf4 e3 32. Qf3 Rxf4 33. Qxf4 d2
34. Rf1 e2 0-1

[Event "11th Edmonton International Qualifier"]
[Site "Edmonton"]
[Date "2016.04.30"]
[Round "5.4"]
[White "Dave, Bhavik"]
[Black "Menard, Tyson"]
[Result "0-1"]
[WhiteElo "1897"]
[BlackElo "1695"]
[PlyCount "140"]
[EventDate "2016.04.30"]
[EventType "swiss"]
[EventRounds "5"]
[EventCountry "CAN"]

1. d4 Nf6 2. c4 g6 3. Nc3 d5 4. Nf3 Bg7 5. Qb3 e6 6. Bg5 c6 7. e3 O-O 8. Bd3
Nbd7 9. Ne5 Qb6 10. Qxb6 axb6 11. Nf3 dxc4 12. Bxc4 b5 13. Bd3 Re8 14. O-O e5
15. Bxf6 Bxf6 16. Ne4 Bg7 17. Nd6 Re6 18. Nxc8 Rxc8 19. d5 cxd5 20. Bxb5 Nb6
21. Rac1 Re7 22. Rxc8+ Nxc8 23. Rc1 Nd6 24. Be2 e4 25. Nd4 Bxd4 26. exd4 Nf5
27. Bg4 Nxd4 28. Rd1 Ne6 29. Rxd5 f5 30. Bd1 Rc7 31. Bb3 Rc1+ 32. Rd1 Rxd1+ 33.
Bxd1 Kf7 34. Bb3 Kf6 35. Bd5 b6 36. Kf1 Nd4 37. Ke1 Ke5 38. Bg8 h6 39. Kd2 g5
40. Bf7 Nb5 41. Be8 Nd6 42. Bc6 Kd4 43. b3 Kc5 44. Bd7 f4 45. a3 Kd4 46. Bc6
Nf5 47. g3 h5 48. Be8 h4 49. Bd7 hxg3 50. hxg3 fxg3 51. fxg3 Nxg3 52. Bg4 e3+
53. Ke1 Ne4 54. Ke2 Nf6 55. Bh3 g4 56. Bg2 Ne4 57. b4 Nc3+ 58. Ke1 Kc4 59. Bf1+
Kb3 60. b5 Kxa3 61. Bd3 Kb4 62. Kf1 Kc5 63. Ke1 Kd4 64. Bf1 g3 65. Bh3 Nxb5 66.
Ke2 Ke4 67. Bg2+ Kf4 68. Kd3 Nd6 69. Kc3 Nf5 70. Kd3 Nh4 0-1

[Event "11th Edmonton International Qualifier"]
[Site "Edmonton"]
[Date "2016.05.01"]
[Round "5.5"]
[White "Miller, David"]
[Black "Zita, Matthew"]
[Result "1-0"]
[WhiteElo "2241"]
[BlackElo "1596"]
[PlyCount "107"]
[EventDate "2016.04.30"]
[EventType "swiss"]
[EventRounds "5"]
[EventCountry "CAN"]

1. e4 c5 2. Nf3 d6 3. d4 cxd4 4. Nxd4 Nf6 5. Nc3 g6 6. Be3 Bg7 7. f3 O-O 8. Qd2
Nc6 9. Bc4 Bd7 10. O-O-O Rc8 11. Bb3 Ne5 12. Kb1 a6 13. h4 h5 14. g4 hxg4 15.
h5 Nxh5 16. Bh6 Nc4 17. Bxc4 Rxc4 18. Bxg7 Kxg7 19. Rxh5 Rh8 20. Rxh8 Qxh8 21.
fxg4 Bxg4 22. Rg1 Qh5 23. Qd3 Rc5 24. Qg3 Bd7 25. Nd5 Kf8 26. b3 Bc6 27. Nxc6
bxc6 28. Nf4 Qe5 29. Nd3 Qxg3 30. Rxg3 Rb5 31. c4 Rb8 32. Kc2 Kg7 33. Kc3 e6
34. Nb4 c5 35. Nxa6 Ra8 36. Nc7 Rxa2 37. Ne8+ Kf8 38. Nxd6 Ra7 39. e5 Rd7 40.
Ne4 Rc7 41. Rg2 Kg7 42. Ra2 Kh6 43. Ra5 g5 44. Rxc5 Ra7 45. Rc8 g4 46. c5 Kg6
47. c6 Kf5 48. Kd4 Kf4 49. c7 Ra1 50. Nc3 g3 51. Rg8 g2 52. c8=Q g1=Q+ 53. Rxg1
Rxg1 54. Ne2+ 1-0

[Event "11th Edmonton International Qualifier"]
[Site "Edmonton"]
[Date "2016.05.01"]
[Round "5.6"]
[White "Wang, Kaixin"]
[Black "Karmali, Hafiz"]
[Result "0-1"]
[WhiteElo "1851"]
[BlackElo "1977"]
[PlyCount "70"]
[EventDate "2016.04.30"]
[EventType "swiss"]
[EventRounds "5"]
[EventCountry "CAN"]

1. Nf3 f5 2. d4 Nf6 3. c4 e6 4. Nc3 d5 5. Bf4 Bd6 6. Bxd6 Qxd6 7. Ne5 c5 8. e3
cxd4 9. exd4 Nc6 10. c5 Qe7 11. f4 O-O 12. Be2 Ne4 13. O-O Rf6 14. Nf3 Rh6 15.
a3 Bd7 16. Nxe4 fxe4 17. Ne5 Rf8 18. Rc1 Be8 19. Rc3 a5 20. b3 Kh8 21. Kh1 Rhf6
22. Nxc6 bxc6 23. g3 g5 24. fxg5 Rxf1+ 25. Bxf1 Qxg5 26. Bg2 Bh5 27. Qe1 Qf6
28. Qd2 Bf3 29. Bxf3 exf3 30. Qf2 Qf5 31. Kg1 Qb1+ 32. Qf1 f2+ 33. Kg2 Qe4+ 34.
Kh3 Rf6 35. g4 Qxd4 0-1

[Event "11th Edmonton International Qualifier"]
[Site "Edmonton"]
[Date "2016.05.01"]
[Round "5.10"]
[White "Yao, David"]
[Black "Mo, Michelle"]
[Result "1-0"]
[WhiteElo "1810"]
[BlackElo "1544"]
[PlyCount "65"]
[EventDate "2016.04.30"]
[EventType "swiss"]
[EventRounds "5"]
[EventCountry "CAN"]

1. d4 Nf6 2. c4 e6 3. Nc3 Bb4 4. Nf3 Nc6 5. a3 Bxc3+ 6. bxc3 d5 7. cxd5 Nxd5 8.
c4 Nf6 9. e3 O-O 10. Bd3 b6 11. O-O Bb7 12. Bb2 Re8 13. e4 Nd7 14. d5 exd5 15.
exd5 Ne7 16. Bc2 Nc5 17. Qd4 f6 18. Qh4 Ng6 19. Qh5 Re2 20. Ng5 fxg5 21. Qxe2
Nf4 22. Qe5 Nh5 23. Qf5 g6 24. Qe5 Nd7 25. Qh8+ Kf7 26. Qxh7+ Kf8 27. Bxg6 Ne5
28. Bxe5 Bxd5 29. cxd5 Qxd5 30. Rad1 Qe6 31. Bxh5 Qg8 32. Qf5+ Ke7 33. Rd7# 1-0

[Event "11th Edmonton International"]
[Site "Edmonton"]
[Date "2016.06.18"]
[Round "1.2"]
[White "Banerjee, Bitan"]
[Black "Ganguly, Surya"]
[Result "0-1"]
[WhiteElo "2341"]
[BlackElo "2654"]
[PlyCount "120"]
[EventDate "2016.06.18"]
[EventType "tourn"]
[EventRounds "9"]
[EventCountry "CAN"]

1. d4 d5 2. c4 e6 3. Nc3 Nf6 4. cxd5 exd5 5. Bg5 c6 6. e3 Bf5 7. Qf3 Bg6 8.
Bxf6 Qxf6 9. Qxf6 gxf6 10. h4 h5 11. Nh3 Nd7 12. Nf4 Bd6 13. f3 Nf8 14. g3 Ne6
15. Bh3 f5 16. Kf2 Ke7 17. Nd3 a5 18. Na4 Rhg8 19. Rhg1 Kd8 20. Rac1 Kc7 21.
Bf1 Rae8 22. Nf4 Nxf4 23. exf4 Be7 24. Be2 Bf6 25. Rgd1 Kd6 26. Bf1 Bh7 27. Nc3
b5 28. Rd2 Rg7 29. Bh3 Reg8 30. Ne2 Rb8 31. Rd3 b4 32. Re3 Bd8 33. Re8 Bc7 34.
Rxb8 Bxb8 35. Bf1 Ba7 36. Rd1 f6 37. Bh3 a4 38. b3 Bb6 39. Ke3 Ra7 40. Nc1 Re7+
41. Kd3 a3 42. Ne2 c5 43. dxc5+ Bxc5 44. Rf1 Bg6 45. Kd2 Be3+ 46. Kc2 Be8 47.
Rd1 Bd7 48. Bf1 Bf2 49. Kd2 Re8 50. Nc1 Bxg3 51. Nd3 Bb5 52. Nxb4 Bxf4+ 53. Kc2
Bxf1 54. Rxf1 Re2+ 55. Kd3 Rd2+ 56. Kc3 Rb2 57. Kd3 Rd2+ 58. Kc3 Rb2 59. Kd3
Kc5 60. Na6+ Kb5 0-1

[Event "11th Edmonton International"]
[Site "Edmonton"]
[Date "2016.06.18"]
[Round "1.3"]
[White "Sethuraman, S P."]
[Black "Haessel, Dale"]
[Result "1-0"]
[WhiteElo "2653"]
[BlackElo "2234"]
[PlyCount "47"]
[EventDate "2016.06.18"]
[EventType "tourn"]
[EventRounds "9"]
[EventCountry "CAN"]

1. c4 Nf6 2. Nc3 c5 3. Nf3 d5 4. cxd5 Nxd5 5. e4 Nb4 6. Bc4 Nd3+ 7. Ke2 Nf4+ 8.
Kf1 Ne6 9. b4 g6 10. Rb1 Bg7 11. Nd5 O-O 12. bxc5 Nc6 13. Ba3 Qa5 14. Qc1 Ned4
15. Nxd4 Bxd4 16. h4 e6 17. Ne3 Bxc5 18. Bb2 Bd4 19. h5 Bd7 20. hxg6 hxg6 21.
d3 Bxb2 22. Rxb2 Qe5 23. Ng4 Qd4 24. Qh6 1-0

[Event "11th Edmonton International"]
[Site "Edmonton"]
[Date "2016.06.18"]
[Round "1.4"]
[White "Findlay, Ian"]
[Black "Sambuev, Bator"]
[Result "0-1"]
[WhiteElo "2257"]
[BlackElo "2540"]
[PlyCount "78"]
[EventDate "2016.06.18"]
[EventType "tourn"]
[EventRounds "9"]
[EventCountry "CAN"]

1. e4 e6 2. d4 d5 3. Nd2 c5 4. exd5 exd5 5. Ngf3 Nf6 6. Bb5+ Bd7 7. Bxd7+ Nbxd7
8. O-O Be7 9. dxc5 Nxc5 10. Nb3 Nce4 11. Nfd4 Qd7 12. Qf3 O-O 13. Nf5 Bd8 14.
Be3 Re8 15. Rfd1 Re5 16. Nbd4 Bb6 17. h3 Rae8 18. a4 h5 19. c3 a6 20. Ng3 Ng5
21. Qf4 Bc7 22. Qh4 Ngh7 23. Nf3 Re4 24. Nxe4 Rxe4 25. g4 hxg4 26. Nd2 Re5 27.
hxg4 Nxg4 28. Nf3 Re6 29. Qxg4 Rg6 30. Qxg6 fxg6 31. Kf1 g5 32. Ke2 g4 33. Nd4
Nf6 34. Rg1 Be5 35. Kd3 Ne4 36. Kc2 Nc5 37. b3 g3 38. fxg3 Qg4 39. Kb2 Qe4 0-1

[Event "11th Edmonton International"]
[Site "Edmonton"]
[Date "2016.06.18"]
[Round "1.5"]
[White "Shankland, Sam"]
[Black "Valencia, Belsar"]
[Result "1-0"]
[WhiteElo "2646"]
[BlackElo "2277"]
[PlyCount "73"]
[EventDate "2016.06.18"]
[EventType "tourn"]
[EventRounds "9"]
[EventCountry "CAN"]

1. d4 Nf6 2. c4 g6 3. Nc3 Bg7 4. e4 d6 5. Nf3 O-O 6. Be2 e5 7. O-O Nc6 8. d5
Ne7 9. Ne1 Nd7 10. Be3 f5 11. f3 f4 12. Bf2 h5 13. Rc1 a6 14. Nd3 b6 15. b4 g5
16. c5 Nf6 17. cxb6 cxb6 18. b5 a5 19. Na4 Rb8 20. Ndb2 Bd7 21. Rc6 Nxc6 22.
dxc6 Be6 23. Bc4 d5 24. exd5 Bxd5 25. Qb3 Bf7 26. Bxf7+ Rxf7 27. Rd1 Qe7 28.
Nc4 Ne8 29. Rd7 Qe6 30. Bxb6 Kh8 31. Nxa5 Qxb3 32. Nxb3 Rf6 33. Nbc5 Bf8 34.
Ne4 Rg6 35. Rd8 Rxd8 36. Bxd8 Nd6 37. c7 1-0

[Event "11th Edmonton International"]
[Site "Edmonton"]
[Date "2016.06.19"]
[Round "2.1"]
[White "Shankland, Sam"]
[Black "Shirov, Alexei"]
[Result "1/2-1/2"]
[WhiteElo "2646"]
[BlackElo "2682"]
[PlyCount "74"]
[EventDate "2016.06.18"]
[EventType "tourn"]
[EventRounds "9"]
[EventCountry "CAN"]

1. e4 c5 2. Nf3 Nc6 3. d4 cxd4 4. Nxd4 Nf6 5. Nc3 e5 6. Ndb5 d6 7. Bg5 a6 8.
Na3 b5 9. Bxf6 gxf6 10. Nd5 f5 11. c3 Bg7 12. Bd3 Be6 13. Nxb5 axb5 14. Bxb5
Bd7 15. exf5 Nb8 16. a4 Bxb5 17. axb5 Rxa1 18. Qxa1 Nd7 19. Qa7 O-O 20. O-O Nf6
21. Ne7+ Kh8 22. b6 Qd7 23. c4 e4 24. b7 Qc7 25. Nc6 Qxc6 26. b8=Q Rxb8 27.
Qxb8+ Ng8 28. Qb5 Qc8 29. b4 Be5 30. Qd5 Qxf5 31. f4 exf3 32. Qxf3 Qg5 33. Qxf7
Qh4 34. g3 Bxg3 35. hxg3 Qxg3+ 36. Kh1 Qh3+ 37. Kg1 Qg3+ 1/2-1/2

[Event "11th Edmonton International"]
[Site "Edmonton"]
[Date "2016.06.19"]
[Round "2.2"]
[White "Ganguly, Surya"]
[Black "Sethuraman, S P."]
[Result "1-0"]
[WhiteElo "2654"]
[BlackElo "2653"]
[PlyCount "103"]
[EventDate "2016.06.18"]
[EventType "tourn"]
[EventRounds "9"]
[EventCountry "CAN"]

1. e4 c6 2. d4 d5 3. e5 Bf5 4. Nf3 e6 5. Be2 Ne7 6. O-O h6 7. Nbd2 Nd7 8. Nb3
g5 9. a4 Bg7 10. a5 O-O 11. Re1 Ng6 12. Bd3 Bxd3 13. Qxd3 g4 14. Nfd2 Rc8 15.
Qe2 c5 16. Qxg4 c4 17. Nc5 Nxc5 18. dxc5 Rxc5 19. Nf3 d4 20. Qh5 Rxa5 21. Bxh6
Rxa1 22. Rxa1 Qd5 23. Qg5 Qd8 24. Qh5 Qd5 25. h4 Nxe5 26. Nxe5 Bxh6 27. Qxh6
Qxe5 28. Ra3 c3 29. bxc3 dxc3 30. Ra4 Qg7 31. Qh5 f5 32. Rxa7 Rd8 33. Qf3 Qg4
34. Qxg4+ fxg4 35. Rxb7 Rd2 36. Rb4 g3 37. Rg4+ Kf7 38. Rxg3 Rxc2 39. Rf3+ Kg6
40. g4 Rc1+ 41. Kg2 e5 42. Rd3 e4 43. Rd6+ Kg7 44. Rc6 c2 45. h5 Kh7 46. Kh2
Kh8 47. Rc7 Kg8 48. g5 Kh8 49. Rc8+ Kg7 50. h6+ Kg6 51. Rc6+ Kh7 52. Rc7+ 1-0

[Event "11th Edmonton International"]
[Site "Edmonton"]
[Date "2016.06.19"]
[Round "2.3"]
[White "Valencia, Belsar"]
[Black "Sambuev, Bator"]
[Result "0-1"]
[WhiteElo "2277"]
[BlackElo "2540"]
[PlyCount "82"]
[EventDate "2016.06.18"]
[EventType "tourn"]
[EventRounds "9"]
[EventCountry "CAN"]

1. Nf3 d5 2. d4 c6 3. c4 e6 4. e3 Bd6 5. Nc3 f5 6. g3 Nd7 7. Bg2 Ngf6 8. O-O
O-O 9. b3 Ne4 10. Bb2 Qf6 11. Nd2 Qh6 12. Ndxe4 fxe4 13. Qe2 Nf6 14. f3 exf3
15. Bxf3 Bd7 16. Rae1 Rae8 17. Na4 dxc4 18. bxc4 e5 19. c5 Bc7 20. e4 Qg6 21.
Qc4+ Qf7 22. d5 Bh3 23. Bg2 Bxg2 24. Kxg2 cxd5 25. exd5 Qxd5+ 26. Qxd5+ Nxd5
27. Rxf8+ Kxf8 28. Ba3 Kf7 29. Bb2 Ke6 30. c6 b6 31. a3 Rc8 32. Kf3 Bd6 33. Rc1
Ne7 34. Ke4 Rxc6 35. Rxc6 Nxc6 36. Nc3 a6 37. a4 Nb8 38. Kd3 Nd7 39. Kc4 Nc5
40. Bc1 Nxa4 41. Nxa4 b5+ 0-1

[Event "11th Edmonton International"]
[Site "Edmonton"]
[Date "2016.06.19"]
[Round "2.4"]
[White "Haessel, Dale"]
[Black "Findlay, Ian"]
[Result "1-0"]
[WhiteElo "2234"]
[BlackElo "2257"]
[PlyCount "47"]
[EventDate "2016.06.18"]
[EventType "tourn"]
[EventRounds "9"]
[EventCountry "CAN"]

1. d4 Nf6 2. c4 e6 3. Nf3 d5 4. Nc3 Bb4 5. Bg5 h6 6. Bxf6 Qxf6 7. Qb3 Nc6 8.
cxd5 Nxd4 9. Nxd4 Qxd4 10. Rd1 Bxc3+ 11. bxc3 Qb6 12. e3 exd5 13. Qxd5 Be6 14.
Qe4 Qa5 15. Bd3 Qxc3+ 16. Ke2 O-O-O 17. Rb1 Bd5 18. Qf4 Qf6 19. Bf5+ Kb8 20.
Rhc1 Qd6 21. Qa4 Bxg2 22. Rc2 Rhe8 23. f3 Qxh2 24. Rxb7+ 1-0

[Event "11th Edmonton International"]
[Site "Edmonton"]
[Date "2016.06.20"]
[Round "3.1"]
[White "Shirov, Alexei"]
[Black "Valencia, Belsar"]
[Result "1-0"]
[WhiteElo "2682"]
[BlackElo "2277"]
[PlyCount "65"]
[EventDate "2016.06.18"]
[EventType "tourn"]
[EventRounds "9"]
[EventCountry "CAN"]

1. d4 Nf6 2. c4 g6 3. Nc3 Bg7 4. e4 d6 5. Be2 O-O 6. Nf3 c5 7. O-O cxd4 8. Nxd4
Nc6 9. Be3 Bd7 10. Nc2 Qa5 11. f4 Rad8 12. a3 Qc7 13. Rc1 Qb8 14. g4 Bc8 15. f5
Nd7 16. Nb4 e6 17. Bg5 Nf6 18. Qd2 Ne5 19. Bxf6 Bxf6 20. g5 Bh8 21. f6 h6 22.
h4 b6 23. Qf4 Bb7 24. Rcd1 a6 25. Nc2 Rc8 26. Ne3 Rfd8 27. a4 Qc7 28. b4 Bc6
29. Ng4 Nxg4 30. Bxg4 a5 31. h5 gxh5 32. g6 fxg6 33. Qxh6 1-0

[Event "11th Edmonton International"]
[Site "Edmonton"]
[Date "2016.06.20"]
[Round "3.2"]
[White "Findlay, Ian"]
[Black "Ganguly, Surya"]
[Result "0-1"]
[WhiteElo "2257"]
[BlackElo "2654"]
[PlyCount "64"]
[EventDate "2016.06.18"]
[EventType "tourn"]
[EventRounds "9"]
[EventCountry "CAN"]

1. e4 c5 2. Nf3 d6 3. d4 cxd4 4. Nxd4 Nf6 5. Nc3 a6 6. Bg5 Nbd7 7. Qe2 h6 8.
Bh4 g6 9. f4 e5 10. Nf3 Qc7 11. O-O-O b5 12. g3 b4 13. Bxf6 Nxf6 14. Nd5 Nxd5
15. exd5 Bg4 16. fxe5 dxe5 17. h3 Bxf3 18. Qxf3 Qd6 19. h4 Bg7 20. h5 f5 21.
hxg6 O-O 22. Qb3 e4 23. Kb1 Rf6 24. Bh3 Rxg6 25. Bxf5 Rxg3 26. Be6+ Kh8 27. Qc4
Qe5 28. Rd4 Kh7 29. d6 Qxd4 30. Bf5+ Rg6 31. Qxd4 Bxd4 32. Rd1 Bf6 0-1

[Event "11th Edmonton International"]
[Site "Edmonton"]
[Date "2016.06.20"]
[Round "3.4"]
[White "Banerjee, Bitan"]
[Black "Shankland, Sam"]
[Result "0-1"]
[WhiteElo "2341"]
[BlackElo "2646"]
[PlyCount "80"]
[EventDate "2016.06.18"]
[EventType "tourn"]
[EventRounds "9"]
[EventCountry "CAN"]

1. e4 c5 2. Nf3 d6 3. d4 cxd4 4. Nxd4 Nf6 5. Nc3 a6 6. Be2 Nbd7 7. O-O g6 8. a4
Bg7 9. Re1 O-O 10. Bf1 Re8 11. Bg5 h6 12. Bh4 b6 13. Nd5 Bb7 14. Bc4 e6 15.
Nxf6+ Nxf6 16. f3 d5 17. exd5 Bxd5 18. Bf1 Bb7 19. Nb3 Qc7 20. Bg3 e5 21. a5 b5
22. Bf2 e4 23. Bb6 Qc8 24. fxe4 Nxe4 25. c3 Qf5 26. Qc2 Qh5 27. Be2 Qh4 28. Bf3
Ng5 29. Qf2 Nxf3+ 30. gxf3 Qh5 31. Nd4 Bf6 32. Rxe8+ Rxe8 33. Re1 Rxe1+ 34.
Qxe1 Bxf3 35. Qe8+ Kg7 36. Nxf3 Qxf3 37. Bc5 Qd1+ 38. Kf2 Bh4+ 39. Kg2 Qd5+ 40.
Kh3 Qf3+ 0-1

[Event "11th Edmonton International"]
[Site "Edmonton"]
[Date "2016.06.20"]
[Round "3.5"]
[White "Sambuev, Bator"]
[Black "Haessel, Dale"]
[Result "1/2-1/2"]
[WhiteElo "2540"]
[BlackElo "2234"]
[PlyCount "159"]
[EventDate "2016.06.18"]
[EventType "tourn"]
[EventRounds "9"]
[EventCountry "CAN"]

1. d4 Nf6 2. Nf3 g6 3. Bg5 Bg7 4. Nbd2 d5 5. e3 c5 6. c3 Qb6 7. Qb3 O-O 8. Be2
Nc6 9. O-O Bf5 10. Qa3 cxd4 11. exd4 h6 12. Bh4 Nh5 13. Rfe1 Nf4 14. Bf1 g5 15.
Bg3 e6 16. h4 Bf6 17. hxg5 hxg5 18. Ne5 Be7 19. Qb3 Qc7 20. Ndf3 Kg7 21. Bxf4
gxf4 22. Bd3 Nxe5 23. Nxe5 Bxd3 24. Nxd3 Rh8 25. Qd1 Rh4 26. Qf3 Bd6 27. Kf1
Qe7 28. Ke2 Qg5 29. Rh1 Rah8 30. Rxh4 Rxh4 31. b3 Rg4 32. Ne1 Qg6 33. Rd1 Rg5
34. Rd3 b5 35. b4 Rh5 36. Rd1 Rh8 37. Qd3 Rc8 38. Ra1 e5 39. dxe5 Bxe5 40. Rc1
Qc6 41. Nf3 Bxc3 42. Nd4 Qe8+ 43. Kf1 Bxb4 44. Rb1 Rc4 45. a3 Bc5 46. Nb3 Qe4
47. Qxe4 dxe4 48. Nd2 Rd4 49. Rxb5 Rxd2 50. Rxc5 f3 51. gxf3 exf3 52. Kg1 Rd6
53. Rc3 Rg6+ 54. Kh1 Rf6 55. Kh2 Kg6 56. Kg3 Kg5 57. a4 a5 58. Rc5+ Rf5 59. Rb5
Kf6 60. Rb3 Ke5 61. Re3+ Kd4 62. Kg4 Rf6 63. Kg5 Rg6+ 64. Kf5 Kc5 65. Rxf3 Kb4
66. Rf4+ Kb3 67. Ke5 Re6+ 68. Kd5 Re7 69. Kc6 Re6+ 70. Kc5 Re5+ 71. Kb6 Ka3 72.
Kc6 Kb3 73. Rxf7 Kxa4 74. f4 Re1 75. f5 Rf1 76. f6 Kb3 77. Rb7+ Kc3 78. f7 a4
79. Ra7 Kb3 80. Kd6 1/2-1/2

[Event "11th Edmonton International"]
[Site "Edmonton"]
[Date "2016.06.21"]
[Round "4.1"]
[White "Shirov, Alexei"]
[Black "Banerjee, Bitan"]
[Result "1/2-1/2"]
[WhiteElo "2682"]
[BlackElo "2341"]
[PlyCount "93"]
[EventDate "2016.06.18"]
[EventType "tourn"]
[EventRounds "9"]
[EventCountry "CAN"]

1. e4 e6 2. d4 d5 3. e5 c5 4. c3 Nc6 5. Nf3 Qb6 6. a3 Nh6 7. b4 cxd4 8. cxd4
Nf5 9. Be3 f6 10. exf6 gxf6 11. Bd3 Nxe3 12. fxe3 Bh6 13. Qe2 Bd7 14. Nc3 Ne7
15. Nd2 O-O 16. Nb3 f5 17. Nc5 Bc8 18. O-O Qd8 19. Rf3 Rf6 20. Bb5 a5 21. bxa5
Rxa5 22. a4 Ng6 23. Rh3 Bf8 24. Qh5 Rf7 25. Nd3 Bd6 26. Rf1 Bd7 27. g4 Rg7 28.
Kh1 fxg4 29. Qxg4 Bc8 30. Qh5 b6 31. Ne2 Raa7 32. Nef4 Raf7 33. Rg3 Bd7 34.
Rfg1 Bxb5 35. axb5 Bxf4 36. exf4 Qf6 37. Ne5 Nxe5 38. fxe5 Qe7 39. Qh6 Rxg3 40.
Rxg3+ Kh8 41. Kg2 Rf8 42. Rg6 Rg8 43. Rg3 Rf8 44. Kh3 Qf7 45. Kh4 Qe7+ 46. Kh3
Qf7 47. Kh4 1/2-1/2